Estadísticas para Países de Eurasia (con mapa)

Haz click aquí para intentar la prueba.

Estadísticas generales

  • Esta prueba ha sido intentada 35 veces
  • La puntuación promedio es 86 de 93

Respuestas en el mapa

Las respuestas están codificadas por una escala verde-roja en el mapa de la prueba según el % correcto abajo.
 

Estadísticas de respuestas

País% Correcto
Alemania
100%
Austria
100%
Azerbaiyán
100%
Bélgica
100%
China
100%
Dinamarca
100%
España
100%
Finlandia
100%
Francia
100%
Grecia
100%
Irak
100%
Irán
100%
Irlanda
100%
Italia
100%
Japón
100%
Mongolia
100%
Noruega
100%
Países Bajos
100%
Polonia
100%
Portugal
100%
Reino Unido
100%
República Checa
100%
Rusia
100%
Suecia
100%
Suiza
100%
Turquía
100%
Albania
95%
Arabia Saudita
95%
Bulgaria
95%
Ciudad del Vaticano
95%
Corea del Norte
95%
Corea del Sur
95%
Croacia
95%
Emiratos Árabes
Unidos
95%
Eslovaquia
95%
Eslovenia
95%
Estonia
95%
Georgia
95%
Hungría
95%
India
95%
Indonesia
95%
Islandia
95%
Kazajistán
95%
Letonia
95%
Lituania
95%
Luxemburgo
95%
Macedonia del
Norte
95%
Moldavia
95%
Montenegro
95%
Pakistán
95%
Serbia
95%
Siria
95%
Ucrania
95%
Vietnam
95%
Andorra
91%
Bangladés
91%
Bielorrusia
91%
Bosnia y Herzegovina
91%
Chipre
91%
Filipinas
91%
Mónaco
91%
Nepal
91%
Rumania
91%
San Marino
91%
Tailandia
91%
Uzbekistán
91%
Yemen
91%
Armenia
86%
Catar
86%
Israel
86%
Kirguistán
86%
Kosovo
86%
Malasia
86%
Malta
86%
Omán
86%
Tayikistán
86%
Afganistán
82%
Bután
82%
Jordania
82%
Kuwait
82%
Liechtenstein
82%
Sri Lanka
82%
Taiwán
82%
Turkmenistán
82%
Birmania
77%
Laos
77%
Singapur
77%
Timor Oriental
77%
Baréin
73%
Brunéi
73%
Camboya
73%
Líbano
73%
Maldivas
64%

Distribución de puntuación

Porcentaje por número respondido

Porcentaje de gente con cada puntuación

Historial de tus puntuaciones

No has intentado esta prueba.